Представление документа в формате RUSMARC

ПолеНазваниеЗначение
  Тип записи a
  Библиографический уровень a
001 Контрольный номер UONB/MAIN/9d29a48b195e47d798051462f9833a24
005 Дата корректировки 20260331132817.4
100 Данные общей обработки __
a Данные общей обработки 20260331 ||| 0rusy0189 ca
101 Язык документа 0_
a Язык текста rus
102 Страна публикации __
a Страна публикации RU
200 Заглавие и сведения об ответственности 1_
a Заглавие Наш любимый детский сад
f Первые сведения об ответственности О. Шевченко
203 Вид содержания и тип средства __
a Вид содержания Текст
b Характеристика содержания визуальный
c Тип средства непосредственный
215 Физическое описание __
c Иллюстрации/тип воспроизводства ил., портр.
330 Аннотация __
a Аннотация Детский сад в селе Астрадамовка отметил 85 лет со дня открытия.
461 Уровень набора _0
1 2000
a Сурская правда
463 Уровень физической единицы _0
1 2000
a № 12 (105215) (20 марта)
v С. 1, 7
1 2101
d 2026
1 001UONB/MAIN/ca0009edf1aa4fffa0d5fe2145a57aed
600 Персоналии _1
a Персоналии (Фамилия) Драничкина
b Персоналии (Имя, инициалы) Н. А.
g Полное имя Надежда Андреевна
600 Персоналии _1
a Персоналии (Фамилия) Прокофьева
b Персоналии (Имя, инициалы) М. И.
g Полное имя Мария Ивановна
600 Персоналии _1
a Персоналии (Фамилия) Качарина
b Персоналии (Имя, инициалы) А. Ф.
g Полное имя Александра Фёдоровна
600 Персоналии _1
a Персоналии (Фамилия) Воронкова
b Персоналии (Имя, инициалы) Т. А.
g Полное имя Таисия Александровна
607 Географические рубрики __
a Географическое наименование Астрадамовка, село (Сурский район ; Ульяновская область)
610 Ключевые слова 0_
a Ключевые слова детские сады; дошкольные учреждения; педагоги
686 Индексы других классификаций __
2 Код системы rubbk
a Классификационный индекс 74.146.7
700 Автор _1
a Фамилия Шевченко
b Имя (инициалы) О.
801 Источник записи _0
a Страна RU
b Организация Ульяновская ОНБ
c Дата составления 20260331
g Правила каталогизации RCR
801 Источник записи _1
a Страна RU
b Организация Ульяновская ОНБ
c Дата составления 20260331
g Правила каталогизации RCR
901 Тип документа __
t Тип документа f
w Контрольный № источника UONB/MAIN/ca0009edf1aa4fffa0d5fe2145a57aed
909 Создатель записи __
a Создатель записи Логинова
b Дата создания записи 20260331